2021 NFL Hall of Fame Inductees - Statistics

General Stats
  • This quiz has been taken 21 times
  • The average score is 3 of 8
Answer Stats
Hint Answer % Correct
WR Calvin Johnson
78%
QB Peyton Manning
67%
CB/S Charles Woodson
50%
S John Lynch
39%
OG Alan Faneca
28%
Contributor Bill Nunn
22%
WR Drew Pearson
22%
Coach Tom Flores
22%
No matching quizzes found
Score Distribution
Percent of People with Each Score
Percentile by Number Answered
Your Score History
You have not taken this quiz